Online
Catalog

VI congreso interdisciplinario de investigación científica. (Record no. 29613)

MARC details
000 -CABECERA
campo de control de longitud fija 00997nam a2200229 a 4500
001 - NÚMERO DE CONTROL
campo de control 000030121
005 - FECHA Y HORA DE LA ÚLTIMA TRANSACCIÓN
campo de control 20200930060047.0
008 - DATOS DE LONGITUD FIJA--INFORMACIÓN GENERAL
campo de control de longitud fija 110429s2010 dr 000 0 spa d
040 ## - FUENTE DE LA CATALOGACIÓN
Centro catalogador/agencia de origen DO-SdBNP
Lengua de catalogación spa
Centro/agencia transcriptor BNPHU
082 ## - NÚMERO DE LA CLASIFICACIÓN DECIMAL DEWEY
Número de clasificación 001.42
Número de documento/Ítem C749s
111 2# - ENTRADA PRINCIPAL--NOMBRE DE CONGRESO/REUNIÓN
Nombre de congreso/reunión o jurisdicción como elemento de entrada Congreso Interdisciplinario de Investigación Científica.
Número del congreso/reunión o número de parte o sección (6 :
Fecha del congreso/reunión 2010 :
Sede del congreso/Lugar de la reunión Santo Domingo)
9 (RLIN) 56807
245 10 - MENCIÓN DE TÍTULO
Título VI congreso interdisciplinario de investigación científica.
246 12 - FORMA VARIANTE DE TÍTULO
Título propio/Titulo breve Sexto congreso interdisciplinario de investigación científica :
Resto del título programa y libro de resúmenes
260 ## - PUBLICACIÓN, DISTRIBUCIÓN, ETC.
Lugar de publicación, distribución, etc. Santo Domingo :
Nombre del editor, distribuidor, etc. MESCYT,
Fecha de publicación, distribución, etc. 2010.
300 ## - DESCRIPCIÓN FÍSICA
Extensión 98 p. ;
Dimensiones 28 cm.
500 ## - NOTA GENERAL
Nota general Incluye índice apellidos, nombres, numero de resumen.
500 ## - NOTA GENERAL
Nota general Texto en inglés y español
590 ## - NOTA LOCAL (RLIN)
Nota local Inventariado,2018/DG
650 #4 - PUNTO DE ACCESO ADICIONAL DE MATERIA--TÉRMINO DE MATERIA
Término de materia o nombre geográfico como elemento de entrada Investigación científica
Subdivisión general Congresos, conferencias, etc.
9 (RLIN) 56808
710 1# - PUNTO DE ACCESO ADICIONAL--NOMBRE DE ENTIDAD CORPORATIVA
Nombre de entidad corporativa o nombre de jurisdicción como elemento de entrada República Dominicana.
Unidad subordinada Ministerio de Educación Superior, Ciencia y Tecnología.
9 (RLIN) 56809
910 ## - DATOS DE OPCIÓN DEL USUARIO (OCLC)
Datos de opción del usuario Validado. Control de calidad MFF
Holdings
Estado de retiro Estado de pérdida Restricciones de uso No para préstamo Código de colección Localización permanente Ubicación/localización actual Ubicación en estantería Fecha de adquisición Número de inventario Total de préstamos Signatura topográfica completa Código de barras Fecha visto por última vez Número de copia Precio válido a partir de Tipo de ítem Koha
        Dominicana de Servicio General General Depósito 17.07.2014 LF1   001.42 C749s 30121-30 25.06.2020 e. 3 25.06.2020 Libro y Folleto Colección Dominicana de Servicio
      Excluido de préstamo Dominicana de Servicio General General Depósito 10.05.2018 LF1   001.42 C749s 30121-40 25.06.2020 e. 4 25.06.2020 Libro y Folleto Colección Dominicana de Servicio
      Excluido de préstamo Patrimonio Dominicano Patrimonio Dominicano Patrimonio Dominicano Depósito 29.04.2011 LF1   001.42 C749s 30121-10 25.06.2020   25.06.2020 Libro y Folleto Colección Patrimonio Dominicano
      Excluido de préstamo Patrimonio Dominicano Patrimonio Dominicano Patrimonio Dominicano Depósito 17.07.2014 LF1   001.42 C749s 30121-20 25.06.2020 e. 2 25.06.2020 Libro y Folleto Colección Patrimonio Dominicano

Powered by Koha